[Event "Doroshkevich Memorial op"]
[Site "Sochi"]
[Date "2012.12.04"]
[Round "9"]
[White "Varavin, Viktor"]
[Black "Esipenko, Andrey"]
[Result "1-0"]
[WhiteElo "2449"]
[BlackElo "2120"]
[PlyCount "69"]
[EventDate "2012.11.26"]
[EventType "swiss"]
[EventRounds "9"]
[EventCountry "RUS"]
[SourceTitle "EXT 2014"]
[Source "ChessBase"]
[SourceDate "2013.11.20"]
[SourceVersion "1"]
[SourceVersionDate "2013.11.20"]
[SourceQuality "1"]

1. e4 c5 2. Nf3 Nc6 3. d4 cxd4 4. Nxd4 e5 5. Nb5 a6 6. N5c3 Nf6 7. Be2 Bc5 8. 0-0 d6 9. Nd2 Be6 10. Nb3 Ba7 11. Kh1 Nd4 12. Bg5 h6 13. Bxf6 Qxf6 14. Na5 Qe7 15. Nc4 Nxe2 16. Qxe2 Rc8 17. Ne3 Bxe3 18. Qxe3 0-0 19. Rad1 Rc6 20. Rd2 Rfc8 21. Rfd1 b5 22. a3 g5 23. h3 Kg7 24. Kh2 f6 25. Rd3 Qc7 26. Qf3 Qb8 27. Nd5 Bxd5 28. Rxd5 Qc7 29. c3 Rd8 30. h4 Qe7 31. h5 Qe6 32. R1d3 Kf7 33. Qd1 Ke7 34. g4 Rdc8 35. Kg3 1-0

[Event "Doroshkevich Memorial op"]
[Site "Sochi"]
[Date "2012.12.02"]
[Round "7"]
[White "Varavin, Viktor"]
[Black "Panarin, Mikhail"]
[Result "0-1"]
[WhiteElo "2449"]
[BlackElo "2563"]
[PlyCount "72"]
[EventDate "2012.11.26"]
[EventType "swiss"]
[EventRounds "9"]
[EventCountry "RUS"]
[SourceTitle "EXT 2014"]
[Source "ChessBase"]
[SourceDate "2013.11.20"]
[SourceVersion "1"]
[SourceVersionDate "2013.11.20"]
[SourceQuality "1"]

1. e4 c5 2. Nf3 e6 3. d4 cxd4 4. Nxd4 a6 5. Bd3 Qb6 6. Nb3 Qc7 7. 0-0 Nf6 8. f4 d6 9. Qf3 Nbd7 10. Be3 Be7 11. N1d2 b6 12. Rae1 Bb7 13. c3 h5 14. h3 h4 15. Bf2 Nh5 16. Rd1 g6 17. Nc4 Rc8 18. Ne3 g5 19. Nd5 exd5 20. Bd4 dxe4 21. Bxe4 Bxe4 22. Qxe4 Ng3 23. Qd3 0-0 24. Rfe1 Rfe8 25. fxg5 Bxg5 26. Qxa6 Qc6 27. Bf2 Nc5 28. Rxe8+ Rxe8 29. Qc4 Ne2+ 30. Kh2 Nf4 31. Rg1 Re2 32. Qd4 Nxb3 33. axb3 Qc5 34. b4 Qxd4 35. Bxd4 b5 36. b3 Ne6 0-1

[Event "Doroshkevich Memorial op"]
[Site "Sochi"]
[Date "2012.11.28"]
[Round "3"]
[White "Varavin, Viktor"]
[Black "Muromtsev, Arthur"]
[Result "1/2-1/2"]
[WhiteElo "2449"]
[BlackElo "2258"]
[PlyCount "107"]
[EventDate "2012.11.26"]
[EventType "swiss"]
[EventRounds "9"]
[EventCountry "RUS"]
[SourceTitle "EXT 2014"]
[Source "ChessBase"]
[SourceDate "2013.11.20"]
[SourceVersion "1"]
[SourceVersionDate "2013.11.20"]
[SourceQuality "1"]

1. e4 e6 2. d4 d5 3. Nc3 Nf6 4. Bg5 Be7 5. e5 Nfd7 6. h4 Nc6 7. Nf3 h6 8. Bxe7 Qxe7 9. Qd2 Nb6 10. b3 a6 11. a4 Nd7 12. Ne2 f6 13. Nf4 Nf8 14. h5 fxe5 15. dxe5 Qb4 16. Rh4 Qxd2+ 17. Kxd2 Bd7 18. g3 Ne7 19. Bh3 c5 20. Bf1 0-0-0 21. Nd3 Nf5 22. Rh2 b6 23. a5 Kb7 24. axb6 Kxb6 25. Nf4 Ra8 26. Bd3 Ne7 27. Rhh1 Nh7 28. Nh4 Ng5 29. Nfg6 Nxg6 30. hxg6 Ne4+ 31. Bxe4 dxe4 32. Ke3 Bc6 33. Ng2 Rhf8 34. Nf4 Rf5 35. Rh5 Raf8 36. Rxf5 Rxf5 37. Rd1 Rxe5 38. Rd6 c4 39. Nxe6 cxb3 40. cxb3 Rd5 41. Rxd5 Bxd5 42. Nxg7 Kc5 43. Kd2 Kb4 44. Nf5 Kxb3 45. Kc1 Kc3 46. Nxh6 Kd3 47. g7 Ke2 48. Ng4 Kf3 49. Nf6 Be6 50. Kb2 Kxf2 51. Nxe4+ Kf3 52. Nc5 Bg8 53. Ka3 a5 54. Nd7 1/2-1/2

[Event "Golubitskaya Rating"]
[Site "Golubitskaya"]
[Date "2009.07.21"]
[Round "9"]
[White "Varavin, Viktor"]
[Black "Bondarev, Boris"]
[Result "1-0"]
[WhiteElo "2440"]
[BlackElo "2087"]
[PlyCount "41"]
[EventDate "2009.07.21"]
[EventType "tourn"]
[EventRounds "9"]
[EventCountry "RUS"]
[SourceTitle "EXT 2022"]
[Source "ChessBase"]
[SourceDate "2021.10.06"]
[SourceVersion "1"]
[SourceVersionDate "2021.10.06"]
[SourceQuality "1"]

1. e4 e5 2. Nf3 Nc6 3. Bb5 f5 4. Nc3 Nf6 5. Qe2 Qe7 6. exf5 e4 7. Bxc6 dxc6 8. Nh4 Bd7 9. 0-0 0-0-0 10. d3 exd3 11. Qxd3 Qb4 12. Bg5 h6 13. a3 Qg4 14. Bxf6 gxf6 15. Qe4 Qh5 16. Qd4 Bd6 17. Qxa7 Bxf5 18. g3 Bh3 19. Ne4 Rhf8 20. Rfe1 Bf5 21. Nxd6+ 1-0

[Event "Europe-Asia op"]
[Site "Perm"]
[Date "2008.11.??"]
[Round "5"]
[White "Varavin, Viktor"]
[Black "Chukharev, Sergey"]
[Result "1-0"]
[WhiteElo "2432"]
[BlackElo "2355"]
[PlyCount "67"]
[EventDate "2008.11.10"]
[EventType "swiss"]
[EventRounds "11"]
[EventCountry "RUS"]
[SourceTitle "EXT 2022"]
[Source "ChessBase"]
[SourceDate "2021.10.06"]
[SourceVersion "1"]
[SourceVersionDate "2021.10.06"]
[SourceQuality "1"]

1. e4 e5 2. Nf3 Nc6 3. Bc4 Bc5 4. d3 Nf6 5. c3 0-0 6. 0-0 Bb6 7. a4 a6 8. Nbd2 d6 9. Bb3 Ba7 10. Nc4 b5 11. Ne3 Ne7 12. Nh4 g6 13. Qf3 Kg7 14. Qe2 Nh5 15. g3 f5 16. Nd5 c6 17. Nxe7 Qxe7 18. Be3 f4 19. Bxa7 Qxa7 20. c4 Bb7 21. cxb5 cxb5 22. axb5 Qb6 23. g4 Nf6 24. g5 Nh5 25. Bd5 Bxd5 26. exd5 axb5 27. Kh1 h6 28. Qe4 Rxa1 29. Qxg6+ Kh8 30. Qxh6+ Kg8 31. Qg6+ Ng7 32. Rxa1 Qxf2 33. Qh6 Rc8 34. g6 1-0

[Event "Kazan Region-ch 6th"]
[Site "Kazan"]
[Date "2008.01.31"]
[Round "9"]
[White "Varavin, Viktor"]
[Black "Hamidullin, Aydar"]
[Result "1-0"]
[WhiteElo "2427"]
[BlackElo "2277"]
[PlyCount "55"]
[EventDate "2008.01.23"]
[EventType "swiss"]
[EventRounds "9"]
[EventCountry "RUS"]
[SourceTitle "CBM 122 Extra"]
[Source "ChessBase"]
[SourceDate "2008.03.04"]
[SourceVersion "1"]
[SourceVersionDate "2008.03.04"]
[SourceQuality "1"]

1. e4 e5 2. Nf3 Nc6 3. Bb5 a6 4. Ba4 d6 5. 0-0 Bg4 6. h3 h5 7. d3 Qf6 8. Be3 Nge7 9. Nbd2 Qg6 10. Nh4 Qf6 11. Nhf3 Qg6 12. Kh1 f5 13. Bg5 f4 14. c3 Bd7 15. d4 b5 16. Bb3 exd4 17. cxd4 Nxd4 18. Nxd4 Qxg5 19. N2f3 Qf6 20. Re1 c5 21. e5 dxe5 22. Nxe5 0-0-0 23. Qf3 Kb8 24. Nxd7+ Rxd7 25. Re6 Qg5 26. Rxa6 Rb7 27. Ne6 Qe5 28. Rd1 1-0

[Event "Kazan Region-ch 6th"]
[Site "Kazan"]
[Date "2008.01.25"]
[Round "3"]
[White "Kharlov, Andrei"]
[Black "Varavin, Viktor"]
[Result "1-0"]
[WhiteElo "2538"]
[BlackElo "2427"]
[PlyCount "127"]
[EventDate "2008.01.23"]
[EventType "swiss"]
[EventRounds "9"]
[EventCountry "RUS"]
[SourceTitle "CBM 122 Extra"]
[Source "ChessBase"]
[SourceDate "2008.03.04"]
[SourceVersion "1"]
[SourceVersionDate "2008.03.04"]
[SourceQuality "1"]

1. e4 e5 2. Nf3 Nc6 3. Bb5 a6 4. Ba4 Nf6 5. 0-0 b5 6. Bb3 Be7 7. Re1 d6 8. c3 0-0 9. d3 Na5 10. Bc2 c5 11. Nbd2 Qc7 12. Nf1 Nc6 13. h3 Be6 14. Ng3 Rad8 15. Qe2 Rfe8 16. Ng5 Bc8 17. Bb3 Rf8 18. Be3 h6 19. Nf3 d5 20. Rad1 d4 21. cxd4 cxd4 22. Bd2 a5 23. a3 a4 24. Ba2 Be6 25. Bxe6 fxe6 26. Rc1 Rc8 27. Rc2 Bd6 28. Rec1 Qd7 29. Qe1 Rc7 30. Ba5 Rcc8 31. Bb6 Rfe8 32. Bc5 Bb8 33. Nf1 Qf7 34. Bxd4 exd4 35. Rxc6 Rxc6 36. Rxc6 Nh5 37. e5 Rf8 38. Qe4 Nf4 39. N1d2 Qb7 40. Nxd4 b4 41. axb4 Qxb4 42. Nc4 Ba7 43. Nf3 a3 44. Nxa3 Qxb2 45. Nc2 Qc1+ 46. Nce1 Qb1 47. Rc2 Bb6 48. Kh2 Ba5 49. Rc4 Qd1 50. d4 Bxe1 51. Qxe1 Qd3 52. Rc3 Qg6 53. g3 Nd5 54. Rb3 Qc2 55. Ra3 Qb2 56. Rd3 Rc8 57. Rd2 Qa3 58. Qe2 Rc1 59. Ra2 Qb3 60. Ra8+ Kf7 61. Ng5+ Ke7 62. Qh5 Rh1+ 63. Kxh1 Qd1+ 64. Qxd1 1-0

[Event "Perm Elo"]
[Site "Perm"]
[Date "2007.10.08"]
[Round "5"]
[White "Khayrullin, Denis"]
[Black "Varavin, Viktor"]
[Result "1/2-1/2"]
[WhiteElo "2347"]
[BlackElo "2432"]
[PlyCount "53"]
[EventDate "2007.10.03"]
[EventType "tourn"]
[EventRounds "11"]
[EventCountry "RUS"]
[EventCategory "2"]
[SourceTitle "EXT 2009"]
[Source "ChessBase"]
[SourceDate "2008.11.26"]
[SourceVersion "1"]
[SourceVersionDate "2008.11.26"]
[SourceQuality "1"]

1. e4 c5 2. Nf3 e6 3. d4 cxd4 4. Nxd4 Nc6 5. Nc3 Qc7 6. Be2 a6 7. 0-0 Nf6 8. Be3 Be7 9. f4 d6 10. Qe1 0-0 11. Qg3 Nxd4 12. Bxd4 b5 13. a3 Bb7 14. Kh1 Rad8 15. Bd3 Rfe8 16. e5 dxe5 17. Bxe5 Qb6 18. f5 Bd6 19. Rae1 exf5 20. Rxf5 Bxe5 21. Rfxe5 Rxe5 22. Rxe5 Qd6 23. h3 g6 24. Qe3 Kg7 25. Kg1 Nd7 26. Rg5 h6 27. Rg4 1/2-1/2

[Event "Dnipropetrovsk"]
[Site "Dnipropetrovsk"]
[Date "2006.10.04"]
[Round "10"]
[White "Varavin, Viktor"]
[Black "Varitski, Igor"]
[Result "1/2-1/2"]
[WhiteElo "2438"]
[BlackElo "2334"]
[PlyCount "167"]
[EventDate "2006.09.27"]
[EventType "tourn"]
[EventRounds "14"]
[EventCountry "UKR"]
[EventCategory "7"]
[SourceTitle "EXT 2023"]
[Source "ChessBase"]
[SourceDate "2022.10.05"]
[SourceVersion "1"]
[SourceVersionDate "2022.10.05"]
[SourceQuality "1"]

1. e4 c6 2. d4 d5 3. Nd2 dxe4 4. Nxe4 Bf5 5. Ng3 Bg6 6. N1e2 Nf6 7. h4 h6 8. Nf4 Bh7 9. Bc4 e6 10. Nfh5 Nbd7 11. c3 Nxh5 12. Nxh5 Nf6 13. Bf4 Nxh5 14. Qxh5 Bd6 15. Bxd6 Qxd6 16. 0-0 0-0 17. Rfe1 Qf4 18. g3 Qf5 19. Qd1 Qc2 20. Qxc2 Bxc2 21. Re5 a5 22. Rc1 Bg6 23. h5 Bh7 24. g4 Rfd8 25. f4 Kf8 26. Rce1 Rd7 27. Kf2 b6 28. Kf3 Rad8 29. a3 Rc7 30. b4 axb4 31. axb4 Ra7 32. f5 exf5 33. gxf5 f6 34. Re6 Rc7 35. Bd3 Bg8 36. R6e3 Bf7 37. Kg4 Ra8 38. Be4 Ra2 39. Bf3 Ra3 40. Kf4 b5 41. Kg4 Ra2 42. Kg3 Ra3 43. Rc1 Ra2 44. Ree1 Bd5 45. Ra1 Rd2 46. Re3 Ra2 47. Rxa2 Bxa2 48. Re1 Bd5 49. Ra1 Ke7 50. Bxd5 cxd5 51. Ra3 Rb7 52. Kf3 Kd7 53. Ke3 Kc6 54. Ra8 Kd7 55. Kd3 Kd6 56. Rc8 Kd7 57. Ra8 Kc6 58. Re8 Kd7 59. Re6 Kc7 60. Kc2 Kd7 61. Kb3 Kc7 62. c4 dxc4+ 63. Kc3 Kd7 64. d5 Rb8 65. Ra6 Kc7 66. Kd4 Kb7 67. Re6 Rc8 68. Re7+ Kb6 69. Re6+ Kc7 70. Kc3 Rd8 71. Rc6+ Kb7 72. Rc5 Kb6 73. Rc6+ Kb7 74. Rc5 Kb6 75. Kd4 Re8 76. Rc6+ Kb7 77. Rd6 Rc8 78. Kc3 Kc7 79. Rc6+ Kb7 80. Rc5 Rxc5 81. bxc5 Kc7 82. c6 Kd6 83. Kd4 Kc7 84. Kc3 1/2-1/2

[Event "Dnipropetrovsk"]
[Site "Dnipropetrovsk"]
[Date "2006.09.30"]
[Round "5"]
[White "Kononenko, Dmitry"]
[Black "Varavin, Viktor"]
[Result "1/2-1/2"]
[WhiteElo "2490"]
[BlackElo "2438"]
[PlyCount "34"]
[EventDate "2006.09.27"]
[EventType "tourn"]
[EventRounds "14"]
[EventCountry "UKR"]
[EventCategory "7"]
[SourceTitle "EXT 2023"]
[Source "ChessBase"]
[SourceDate "2022.10.05"]
[SourceVersion "1"]
[SourceVersionDate "2022.10.05"]
[SourceQuality "1"]

1. e4 e5 2. Nf3 Nc6 3. Bb5 a6 4. Ba4 Nf6 5. 0-0 Be7 6. Re1 b5 7. Bb3 0-0 8. c3 d5 9. exd5 Nxd5 10. Nxe5 Nxe5 11. Rxe5 c6 12. d3 Bd6 13. Re1 Qh4 14. g3 Qh3 15. Re4 Qd7 16. Re1 Qh3 17. Re4 Qd7 1/2-1/2

[Event "Dnipropetrovsk"]
[Site "Dnipropetrovsk"]
[Date "2006.09.30"]
[Round "4"]
[White "Varavin, Viktor"]
[Black "Eryomenko, Volodymyr"]
[Result "1/2-1/2"]
[WhiteElo "2438"]
[BlackElo "2373"]
[PlyCount "22"]
[EventDate "2006.09.27"]
[EventType "tourn"]
[EventRounds "14"]
[EventCountry "UKR"]
[EventCategory "7"]
[SourceTitle "EXT 2023"]
[Source "ChessBase"]
[SourceDate "2022.10.05"]
[SourceVersion "1"]
[SourceVersionDate "2022.10.05"]
[SourceQuality "1"]

1. e4 e6 2. d4 d5 3. exd5 exd5 4. Nf3 Nf6 5. Bd3 Bd6 6. h3 h6 7. Qe2+ Qe7 8. Qxe7+ Bxe7 9. Bf4 c6 10. 0-0 Be6 11. Nbd2 Nbd7 1/2-1/2

[Event "Dnipropetrovsk"]
[Site "Dnipropetrovsk"]
[Date "2006.09.29"]
[Round "3"]
[White "Varitski, Igor"]
[Black "Varavin, Viktor"]
[Result "0-1"]
[WhiteElo "2334"]
[BlackElo "2438"]
[PlyCount "46"]
[EventDate "2006.09.27"]
[EventType "tourn"]
[EventRounds "14"]
[EventCountry "UKR"]
[EventCategory "7"]
[SourceTitle "EXT 2023"]
[Source "ChessBase"]
[SourceDate "2022.10.05"]
[SourceVersion "1"]
[SourceVersionDate "2022.10.05"]
[SourceQuality "1"]

1. e4 e5 2. Nf3 Nc6 3. d4 exd4 4. c3 dxc3 5. Nxc3 d6 6. Bc4 Nf6 7. Qb3 Qd7 8. Ng5 Ne5 9. Bb5 c6 10. f4 Ng6 11. Bc4 d5 12. Nxd5 Nxd5 13. exd5 Bc5 14. Be3 Qe7 15. Kd2 0-0 16. Rae1 Bb4+ 17. Kc1 cxd5 18. Bxd5 Bxe1 19. Rxe1 Bf5 20. Bd2 Rac8+ 21. Kd1 Qd7 22. Qxb7 Bc2+ 23. Ke2 Rc7 0-1

[Event "Alushta Autumn3 GM"]
[Site "Alushta"]
[Date "2006.09.22"]
[Round "9"]
[White "Gabrielian, Artur"]
[Black "Varavin, Viktor"]
[Result "1-0"]
[WhiteElo "2529"]
[BlackElo "2438"]
[PlyCount "59"]
[EventDate "2006.09.14"]
[EventType "tourn"]
[EventRounds "11"]
[EventCountry "UKR"]
[EventCategory "8"]
[SourceTitle "EXT 2014"]
[Source "ChessBase"]
[SourceDate "2013.11.20"]
[SourceVersion "1"]
[SourceVersionDate "2013.11.20"]
[SourceQuality "1"]

1. e4 e5 2. Nf3 Nc6 3. Bb5 Nge7 4. Nc3 g6 5. h4 Bg7 6. h5 d5 7. hxg6 hxg6 8. Rxh8+ Bxh8 9. Bxc6+ bxc6 10. d3 Qd6 11. b3 Bg7 12. Bb2 Bh6 13. Nd2 f5 14. Qe2 Ba6 15. f3 fxe4 16. fxe4 d4 17. Nd1 Qf6 18. Nf2 Qg5 19. Nh3 Qh4+ 20. Qf2 Qh5 21. Qf6 Bc8 22. Ba3 Ng8 23. Qxc6+ Kf7 24. Qxc7+ Kf6 25. Qc6+ Kf7 26. Qd5+ Kg7 27. Qxa8 Qg4 28. Nf2 Bxd2+ 29. Kxd2 Qxg2 30. Ke1 1-0

[Event "Alushta Autumn3 GM"]
[Site "Alushta"]
[Date "2006.09.21"]
[Round "8"]
[White "Varavin, Viktor"]
[Black "Gasanov, Eldar"]
[Result "1/2-1/2"]
[WhiteElo "2438"]
[BlackElo "2443"]
[PlyCount "65"]
[EventDate "2006.09.14"]
[EventType "tourn"]
[EventRounds "11"]
[EventCountry "UKR"]
[EventCategory "8"]
[SourceTitle "EXT 2014"]
[Source "ChessBase"]
[SourceDate "2013.11.20"]
[SourceVersion "1"]
[SourceVersionDate "2013.11.20"]
[SourceQuality "1"]

1. e4 c5 2. Nf3 d6 3. d4 Nf6 4. Nc3 cxd4 5. Nxd4 Nc6 6. Bc4 e5 7. Nf5 Be6 8. Bb3 Nxe4 9. Nxg7+ Bxg7 10. Nxe4 d5 11. Ng5 Qe7 12. Nxe6 fxe6 13. Qh5+ Qf7 14. Qxf7+ Kxf7 15. c3 Na5 16. f3 h5 17. Be3 b5 18. 0-0-0 Nc4 19. Bf2 Rhg8 20. Kb1 Bh6 21. Bxc4 bxc4 22. Rhg1 Ke7 23. Bc5+ Kd7 24. Rde1 h4 25. Rxe5 Bf4 26. Rh5 Bxh2 27. Re1 Rxg2 28. Ba3 Rg1 29. Rxg1 Bxg1 30. Rxh4 Rg8 31. Rh7+ Kc6 32. Rh6 Kd7 33. Rh7+ 1/2-1/2

[Event "Alushta Autumn3 GM"]
[Site "Alushta"]
[Date "2006.09.17"]
[Round "4"]
[White "Varavin, Viktor"]
[Black "Ajrapetjan, Yuriy"]
[Result "0-1"]
[WhiteElo "2438"]
[BlackElo "2403"]
[PlyCount "74"]
[EventDate "2006.09.14"]
[EventType "tourn"]
[EventRounds "11"]
[EventCountry "UKR"]
[EventCategory "8"]
[SourceTitle "EXT 2014"]
[Source "ChessBase"]
[SourceDate "2013.11.20"]
[SourceVersion "1"]
[SourceVersionDate "2013.11.20"]
[SourceQuality "1"]

1. e4 e5 2. Bc4 Nc6 3. Qf3 Nf6 4. Ne2 Be7 5. d3 Na5 6. Nbc3 Nxc4 7. dxc4 c6 8. 0-0 d6 9. b3 Be6 10. Bb2 Qc7 11. Rfe1 h5 12. Ng3 g6 13. Nf1 h4 14. a4 Nh7 15. a5 Ng5 16. Qe3 h3 17. g3 Bg4 18. Nd2 Ne6 19. Ne2 Bg5 20. f4 Bh6 21. Nf3 0-0 22. Qf2 f5 23. exf5 Rxf5 24. Nh4 Rf7 25. Nxg6 Kh7 26. Nh4 exf4 27. Rf1 Raf8 28. Nd4 Qe7 29. Nxe6 Qxe6 30. Rfe1 Qe3 31. Bd4 Qxf2+ 32. Bxf2 Bg7 33. Rab1 fxg3 34. Bxg3 Be5 35. Re4 Be2 36. Rxe2 Bd4+ 37. Bf2 Bxf2+ 0-1

[Event "Alushta Autumn3 GM"]
[Site "Alushta"]
[Date "2006.09.16"]
[Round "3"]
[White "Kayumov, Sergey"]
[Black "Varavin, Viktor"]
[Result "1/2-1/2"]
[WhiteElo "2435"]
[BlackElo "2438"]
[PlyCount "37"]
[EventDate "2006.09.14"]
[EventType "tourn"]
[EventRounds "11"]
[EventCountry "UKR"]
[EventCategory "8"]
[SourceTitle "EXT 2014"]
[Source "ChessBase"]
[SourceDate "2013.11.20"]
[SourceVersion "1"]
[SourceVersionDate "2013.11.20"]
[SourceQuality "1"]

1. e4 e5 2. Nf3 Nf6 3. Nxe5 d6 4. Nf3 Nxe4 5. Qe2 Qe7 6. d3 Nf6 7. Bg5 Qxe2+ 8. Bxe2 Be7 9. Nc3 c6 10. 0-0 h6 11. Bd2 Na6 12. a3 Nc7 13. Rfe1 0-0 14. Bf1 Re8 15. h3 Bf5 16. Nd4 Bd7 17. g3 Ne6 18. Nxe6 Bxe6 19. Bg2 1/2-1/2

[Event "Alushta Autumn3 GM"]
[Site "Alushta"]
[Date "2006.09.14"]
[Round "1"]
[White "Simonian, Hrair"]
[Black "Varavin, Viktor"]
[Result "1-0"]
[WhiteElo "2346"]
[BlackElo "2438"]
[PlyCount "81"]
[EventDate "2006.09.14"]
[EventType "tourn"]
[EventRounds "11"]
[EventCountry "UKR"]
[EventCategory "8"]
[SourceTitle "EXT 2014"]
[Source "ChessBase"]
[SourceDate "2013.11.20"]
[SourceVersion "1"]
[SourceVersionDate "2013.11.20"]
[SourceQuality "1"]

1. e4 e5 2. Nf3 Nc6 3. c3 Nge7 4. d4 exd4 5. cxd4 d5 6. e5 Nf5 7. Bb5 Be7 8. 0-0 0-0 9. Nc3 Be6 10. Bxc6 bxc6 11. Na4 Qb8 12. Qc2 Qb4 13. Be3 Qc4 14. Rfc1 a5 15. b3 Qxc2 16. Rxc2 Bd7 17. Bd2 h6 18. g4 Nh4 19. Nxh4 Bxh4 20. f3 Be7 21. Kg2 f5 22. h3 fxg4 23. hxg4 h5 24. gxh5 Rf5 25. Rh1 Raf8 26. f4 Bg5 27. Nc5 Bc8 28. fxg5 Rf2+ 29. Kg3 Re2 30. Re1 Ref2 31. e6 R8f3+ 32. Kg4 Rf8 33. Nd7 Rg2+ 34. Kh3 Rff2 35. Rh1 Re2 36. Rxc6 Rxd2 37. Rxc7 Rxg5 38. Rxc8+ Kh7 39. e7 Rdg2 40. Rh8+ Kxh8 41. e8Q+ 1-0

[Event "Alushta Autumn1 GM"]
[Site "Alushta"]
[Date "2006.09.10"]
[Round "12"]
[White "Varavin, Viktor"]
[Black "Boricsev, Oleg"]
[Result "1-0"]
[WhiteElo "2438"]
[BlackElo "2299"]
[PlyCount "97"]
[EventDate "2006.09.02"]
[EventType "tourn"]
[EventRounds "14"]
[EventCountry "UKR"]
[EventCategory "7"]
[SourceTitle "EXT 2014"]
[Source "ChessBase"]
[SourceDate "2013.11.20"]
[SourceVersion "1"]
[SourceVersionDate "2013.11.20"]
[SourceQuality "1"]

1. e4 c6 2. d4 d5 3. Nd2 dxe4 4. Nxe4 Bf5 5. Ng3 Bg6 6. N1e2 h6 7. Nf4 Bh7 8. Bc4 Nf6 9. 0-0 e6 10. Re1 Nd5 11. Bxd5 cxd5 12. Qh5 g6 13. Qe5 Rg8 14. Nxd5 Bg7 15. Qe4 Nc6 16. c3 Qd7 17. Nf4 0-0-0 18. Nd3 Qd5 19. Bf4 Rh8 20. Ne5 g5 21. Qxd5 Rxd5 22. Nxc6 bxc6 23. Be3 Rhd8 24. f3 Kb7 25. Ne4 e5 26. dxe5 Bxe5 27. Bf2 Bxe4 28. Rxe4 Rd1+ 29. Rxd1 Rxd1+ 30. Re1 Rxe1+ 31. Bxe1 c5 32. g4 c4 33. Bg3 Bg7 34. Kf2 Kc6 35. Ke3 Kd5 36. h3 a6 37. Bc7 Bf8 38. Bb6 Bd6 39. Bd4 Bf4+ 40. Ke2 Bc1 41. b4 Bf4 42. a4 Bd6 43. Bg7 Be7 44. Ke3 f6 45. Bxh6 a5 46. bxa5 Bc5+ 47. Ke2 Ke5 48. a6 Kd5 49. f4 1-0

[Event "Alushta Autumn1 GM"]
[Site "Alushta"]
[Date "2006.09.03"]
[Round "2"]
[White "Varavin, Viktor"]
[Black "Gasanov, Eldar"]
[Result "1/2-1/2"]
[WhiteElo "2438"]
[BlackElo "2443"]
[PlyCount "83"]
[EventDate "2006.09.02"]
[EventType "tourn"]
[EventRounds "14"]
[EventCountry "UKR"]
[EventCategory "7"]
[SourceTitle "EXT 2014"]
[Source "ChessBase"]
[SourceDate "2013.11.20"]
[SourceVersion "1"]
[SourceVersionDate "2013.11.20"]
[SourceQuality "1"]

1. e4 c5 2. Nf3 d6 3. d4 Nf6 4. Nc3 cxd4 5. Nxd4 Nc6 6. Bc4 Bd7 7. 0-0 g6 8. Nxc6 Bxc6 9. Nd5 Bg7 10. Nxf6+ Bxf6 11. Bh6 Qb6 12. Rb1 Bxe4 13. Re1 Bf5 14. Qf3 0-0-0 15. Bxf7 Kb8 16. Bb3 Rc8 17. Re2 Rc7 18. g4 Bd7 19. g5 Bc6 20. Qg3 Bd4 21. c3 Bc5 22. Qf4 e5 23. Qf6 Re8 24. Rd1 e4 25. Bf7 Ree7 26. Bc4 e3 27. b4 exf2+ 28. Kf1 Rxe2 29. Bxe2 Be3 30. Rxd6 a6 31. a4 Rd7 32. Bf8 Ka7 33. Qe5 Ka8 34. a5 Qd8 35. Rxd7 Bxd7 36. Qxe3 Qxf8 37. Bf3 Qf5 38. Qe4 Qb5+ 39. Kxf2 Bc6 40. Qe2 Qf5 41. h4 Qf4 42. Qe3 1/2-1/2

[Event "Alushta Autumn1 GM"]
[Site "Alushta"]
[Date "2006.09.02"]
[Round "1"]
[White "Obukhov, Alexander"]
[Black "Varavin, Viktor"]
[Result "1/2-1/2"]
[WhiteElo "2481"]
[BlackElo "2438"]
[PlyCount "22"]
[EventDate "2006.09.02"]
[EventType "tourn"]
[EventRounds "14"]
[EventCountry "UKR"]
[EventCategory "7"]
[SourceTitle "EXT 2014"]
[Source "ChessBase"]
[SourceDate "2013.11.20"]
[SourceVersion "1"]
[SourceVersionDate "2013.11.20"]
[SourceQuality "1"]

1. Nf3 Nf6 2. g3 g6 3. Bg2 Bg7 4. 0-0 0-0 5. c4 c5 6. Nc3 Nc6 7. d3 d6 8. a3 a6 9. Rb1 Rb8 10. b4 cxb4 11. axb4 b5 1/2-1/2

[Event "Alushta Summer 4th"]
[Site "Alushta"]
[Date "2004.06.22"]
[Round "7"]
[White "Alexandrova, Olga"]
[Black "Varavin, Viktor"]
[Result "1-0"]
[WhiteElo "2430"]
[BlackElo "2399"]
[PlyCount "75"]
[EventDate "2004.06.17"]
[EventType "tourn"]
[EventRounds "13"]
[EventCountry "UKR"]
[EventCategory "8"]
[SourceTitle "CBM 100 Extra"]
[Source "ChessBase"]
[SourceDate "2004.07.06"]
[SourceVersion "2"]
[SourceVersionDate "2004.07.06"]
[SourceQuality "1"]

1. d4 Nf6 2. c4 g6 3. Nc3 Bg7 4. Nf3 0-0 5. Bg5 d6 6. e3 Nbd7 7. Qc2 e5 8. Rd1 Re8 9. Be2 h6 10. Bh4 c6 11. 0-0 Qe7 12. b4 Nf8 13. dxe5 dxe5 14. c5 a5 15. a3 axb4 16. axb4 Bf5 17. Qb3 Red8 18. Nd2 g5 19. Bg3 Ng6 20. Nc4 h5 21. h3 Rxd1 22. Rxd1 h4 23. Bh2 g4 24. Nd6 Be6 25. Bc4 Bxc4 26. Qxc4 gxh3 27. gxh3 Qd7 28. Kg2 Ra3 29. Nce4 Nd5 30. Rxd5 cxd5 31. Qxd5 Nf4+ 32. Bxf4 exf4 33. Qg5 f3+ 34. Kh2 Kf8 35. Qxh4 Be5+ 36. Ng3 Ra2 37. Kg1 Ra1+ 38. Kh2 1-0